[Event "Sterlitamak op"]
[Site "Sterlitamak"]
[Date "2010.07.02"]
[Round "9"]
[White "Galin, Ilgam"]
[Black "Tsvetkov, Pavel"]
[Result "1-0"]
[WhiteElo "2258"]
[BlackElo "2108"]
[PlyCount "71"]
[EventDate "2010.06.24"]
[EventType "swiss"]
[EventRounds "9"]
[EventCountry "RUS"]
[SourceTitle "CBM 137 Extra"]
[Source "ChessBase"]
[SourceDate "2010.09.01"]
[SourceVersion "1"]
[SourceVersionDate "2010.09.01"]
[SourceQuality "1"]

1. c4 Nf6 2. Nc3 d5 3. cxd5 Nxd5 4. g3 e5 5. Bg2 Nxc3 6. bxc3 Bd6 7. Nf3 0-0 8. 0-0 f5 9. d4 e4 10. Qb3+ Kh8 11. Ng5 Qe8 12. f3 h6 13. Nh3 exf3 14. exf3 Nc6 15. Bf4 Na5 16. Qd5 Qc6 17. Qxa5 b6 18. Bxd6 bxa5 19. Bxf8 Ba6 20. Bc5 Bxf1 21. Rxf1 Re8 22. Nf4 g5 23. Nd3 Re2 24. a3 Qb5 25. Nf2 Qb2 26. Bh3 Qxc3 27. Bxf5 Qxf3 28. Bg4 Qe3 29. Bxe2 Qxe2 30. Bxa7 h5 31. Bc5 h4 32. Rb1 Qe3 33. gxh4 gxh4 34. h3 Kg7 35. Kf1 Kf6 36. Ng4+ 1-0

[Event "Sterlitamak op"]
[Site "Sterlitamak"]
[Date "2010.06.25"]
[Round "2"]
[White "Pavlova, Nataliy"]
[Black "Galin, Ilgam"]
[Result "0-1"]
[WhiteElo "1570"]
[BlackElo "2258"]
[PlyCount "34"]
[EventDate "2010.06.24"]
[EventType "swiss"]
[EventRounds "9"]
[EventCountry "RUS"]
[SourceTitle "CBM 137 Extra"]
[Source "ChessBase"]
[SourceDate "2010.09.01"]
[SourceVersion "1"]
[SourceVersionDate "2010.09.01"]
[SourceQuality "1"]

1. e4 c6 2. d4 d5 3. Nc3 dxe4 4. Nxe4 Nf6 5. Ng3 h5 6. Bf4 h4 7. N3e2 Bf5 8. c4 Qb6 9. b3 e6 10. h3 Bb4+ 11. Bd2 Ne4 12. Nf3 Na6 13. c5 Naxc5 14. dxc5 Qxc5 15. Ned4 Nxd2 16. Nxd2 Qxd4 17. a3 Bxd2+ 0-1

[Event "Ufa Kopylov Memorial"]
[Site "Ufa"]
[Date "2009.12.23"]
[Round "10"]
[White "Galin, Ilgam"]
[Black "Jamilov, Robert F"]
[Result "0-1"]
[WhiteElo "2267"]
[BlackElo "2412"]
[PlyCount "52"]
[EventDate "2009.12.15"]
[EventType "tourn"]
[EventRounds "11"]
[EventCountry "RUS"]
[EventCategory "3"]
[SourceTitle "CBM 134 Extra"]
[Source "ChessBase"]
[SourceDate "2010.03.03"]
[SourceVersion "1"]
[SourceVersionDate "2010.03.03"]
[SourceQuality "1"]

1. d4 Nf6 2. Nf3 e6 3. c4 Bb4+ 4. Bd2 c5 5. g3 b6 6. Bg2 Bb7 7. 0-0 Bxd2 8. Qxd2 cxd4 9. Qxd4 Nc6 10. Qd6 Qe7 11. Qxe7+ Kxe7 12. Nc3 Rac8 13. b3 Nb4 14. a3 Na6 15. Nb5 Nc5 16. Rab1 a6 17. Nc3 d5 18. cxd5 Nxd5 19. Nxd5+ Bxd5 20. Nd4 Rhd8 21. Bxd5 Rxd5 22. Rfd1 Ne4 23. Rd3 Ke8 24. f3 Nc5 25. Rd2 Rcd8 26. b4 Na4 0-1

[Event "Ufa Kopylov Memorial"]
[Site "Ufa"]
[Date "2009.12.21"]
[Round "8"]
[White "Galin, Ilgam"]
[Black "Darmin, Dmitry"]
[Result "0-1"]
[WhiteElo "2267"]
[BlackElo "2364"]
[PlyCount "100"]
[EventDate "2009.12.15"]
[EventType "tourn"]
[EventRounds "11"]
[EventCountry "RUS"]
[EventCategory "3"]
[SourceTitle "CBM 134 Extra"]
[Source "ChessBase"]
[SourceDate "2010.03.03"]
[SourceVersion "1"]
[SourceVersionDate "2010.03.03"]
[SourceQuality "1"]

1. Nf3 Nf6 2. d4 e6 3. c4 b6 4. g3 Bb7 5. Bg2 d5 6. 0-0 Bd6 7. Nc3 0-0 8. cxd5 exd5 9. Nb5 Be7 10. Bf4 Na6 11. Rc1 c6 12. Nc3 Nc7 13. h3 Ne6 14. Be3 c5 15. Ng5 Nxd4 16. Bxd4 cxd4 17. Nb5 h6 18. Nf3 Ne4 19. Nbxd4 Bf6 20. e3 Qd7 21. Qe2 Rac8 22. h4 Qa4 23. b3 Qa3 24. Rxc8 Rxc8 25. Nb5 Qa5 26. Nfd4 Rc5 27. Bxe4 dxe4 28. Rb1 Bxd4 29. Nxd4 Qa3 30. Qb2 Qa6 31. b4 Rc7 32. Nf5 f6 33. b5 Qa4 34. Qb3+ Qxb3 35. Rxb3 Bd5 36. Ra3 Kf8 37. Nd4 h5 38. Ra4 g6 39. a3 Ke7 40. Rb4 Kd6 41. Kg2 Rc3 42. Ra4 Rc7 43. Rb4 Rc4 44. Kh3 Rxb4 45. axb4 Be6+ 46. Kg2 Bd7 47. f3 exf3+ 48. Kxf3 Kd5 49. Kf4 Kc4 50. Ke4 Bxb5 0-1

[Event "Ufa Kopylov Memorial"]
[Site "Ufa"]
[Date "2009.12.15"]
[Round "1"]
[White "Galin, Ilgam"]
[Black "Kalegin, Evgenij"]
[Result "0-1"]
[WhiteElo "2267"]
[BlackElo "2462"]
[PlyCount "103"]
[EventDate "2009.12.15"]
[EventType "tourn"]
[EventRounds "11"]
[EventCountry "RUS"]
[EventCategory "3"]
[SourceTitle "CBM 134 Extra"]
[Source "ChessBase"]
[SourceDate "2010.03.03"]
[SourceVersion "1"]
[SourceVersionDate "2010.03.03"]
[SourceQuality "1"]

1. c4 e5 2. Nc3 Bb4 3. Nf3 Bxc3 4. bxc3 d6 5. g3 Nc6 6. Bg2 Nf6 7. d3 0-0 8. 0-0 e4 9. Ng5 exd3 10. exd3 Bf5 11. Nf3 h6 12. Nd4 Nxd4 13. cxd4 c6 14. h3 d5 15. g4 Be6 16. c5 Nd7 17. Bf4 Qf6 18. Be3 Qg6 19. Kh2 f5 20. gxf5 Rxf5 21. Rg1 Qf7 22. Qe2 Rh5 23. Bf1 Rf8 24. Rg3 Nf6 25. Bg2 Rh4 26. Kg1 Qd7 27. Rb1 Bxh3 28. Bxh3 Rxh3 29. Kg2 Rxg3+ 30. Kxg3 Qf7 31. Kg2 Qg6+ 32. Kf1 Ng4 33. Rxb7 Nh2+ 34. Ke1 Qg1+ 35. Kd2 Nf3+ 36. Kc3 Qa1+ 37. Qb2 Qxb2+ 38. Rxb2 h5 39. Rb1 h4 40. Rh1 g5 41. Bxg5 Nxg5 42. Rxh4 Kg7 43. Kb4 Rxf2 44. a4 Ne6 45. Ka5 Ra2 46. Kb4 Ra1 47. Ka5 Ra3 48. Rg4+ Kf6 49. Rh4 Rxd3 50. Ka6 Nxd4 51. Rh6+ Ke5 52. a5 0-1

[Event "Ufa Siamidi Memorial op"]
[Site "Ufa"]
[Date "2009.10.07"]
[Round "5"]
[White "Malin, Denis Sergeevich"]
[Black "Galin, Ilgam"]
[Result "0-1"]
[WhiteElo "2085"]
[BlackElo "2348"]
[PlyCount "116"]
[EventDate "2009.10.03"]
[EventType "swiss"]
[EventRounds "9"]
[EventCountry "RUS"]
[SourceTitle "EXT 2011"]
[Source "ChessBase"]
[SourceDate "2010.11.26"]
[SourceVersion "1"]
[SourceVersionDate "2010.11.26"]
[SourceQuality "1"]

1. d4 d5 2. c4 c6 3. Nf3 Nf6 4. Nc3 e6 5. cxd5 exd5 6. Bg5 h6 7. Bh4 Be7 8. Qc2 0-0 9. e3 Ne4 10. Bxe7 Qxe7 11. Bd3 Bf5 12. 0-0 Nd7 13. Rae1 Rfe8 14. Nd2 Nxd2 15. Qxd2 Bxd3 16. Qxd3 Nf6 17. a3 Qd6 18. Qf5 Re6 19. Rc1 Rae8 20. Ne2 Ne4 21. Nf4 Rf6 22. Qh3 Nd2 23. Rfd1 Nc4 24. Rc2 Qe7 25. Nh5 Rg6 26. Nf4 Qe4 27. Rxc4 dxc4 28. Nxg6 fxg6 29. Qd7 Re7 30. Qd8+ Kh7 31. d5 cxd5 32. Qxd5 Qc2 33. Qd2 Qb3 34. h3 b5 35. Qd6 Rf7 36. Rd2 a5 37. Qe6 Rf8 38. Qe7 Rg8 39. Qe5 b4 40. axb4 axb4 41. Rd7 Qc2 42. Rc7 c3 43. bxc3 b3 44. Rb7 h5 45. Qb5 Qxc3 46. Qxb3 Qe1+ 47. Kh2 Qxf2 48. Qc3 h4 49. Qe5 Qe1 50. Qf4 Rc8 51. Qe5 Rg8 52. Re7 g5 53. Qe4+ Kh6 54. Re6+ g6 55. Qe5 Rf8 56. Re8 Rf7 57. Rh8+ Rh7 58. Qg7+ Kxg7 0-1

[Event "Ufa Kopylov Memorial"]
[Site "Ufa"]
[Date "2008.12.19"]
[Round "5"]
[White "Galin, Ilgam"]
[Black "Glidzhain, Gor Mikhailovich"]
[Result "1/2-1/2"]
[WhiteElo "2292"]
[BlackElo "2197"]
[PlyCount "100"]
[EventDate "2008.12.15"]
[EventType "tourn"]
[EventRounds "11"]
[EventCountry "RUS"]
[EventCategory "3"]
[SourceTitle "EXT 2010"]
[Source "ChessBase"]
[SourceDate "2010.11.25"]
[SourceVersion "1"]
[SourceVersionDate "2010.11.25"]
[SourceQuality "1"]

1. d4 Nf6 2. Nf3 c5 3. c4 g6 4. g3 Bg7 5. Bg2 0-0 6. 0-0 cxd4 7. Nxd4 d5 8. cxd5 Nxd5 9. Nb5 Be6 10. e4 Nb4 11. Qxd8 Rxd8 12. N1c3 N8a6 13. Bg5 f6 14. Bf4 Bc4 15. Rfd1 e5 16. Bd2 Bf8 17. b3 Bd3 18. Be1 Nc2 19. Rac1 Nxe1 20. Rxe1 Bb4 21. Rcd1 Rac8 22. Bf1 Bxf1 23. Kxf1 Rxd1 24. Rxd1 Bxc3 25. Rc1 Nb4 26. Rxc3 Rxc3 27. Nxc3 Kf7 28. Ke2 Ke6 29. Kd2 a6 30. a3 Nc6 31. Ne2 f5 32. Kd3 Kd6 33. h3 Nd8 34. f4 Ne6 35. exf5 gxf5 36. fxe5+ Kxe5 37. Ke3 b6 38. a4 a5 39. Nf4 Nc5 40. Nd3+ Nxd3 41. Kxd3 f4 42. g4 Kd5 43. h4 Ke5 44. Kd2 Ke4 45. h5 Ke5 46. Ke2 Kf6 47. Kf3 Kg5 48. h6 Kxh6 49. Kxf4 Kg6 50. g5 Kf7 1/2-1/2

[Event "Ufa Kopylov Memorial"]
[Site "Ufa"]
[Date "2008.12.17"]
[Round "3"]
[White "Nozdrin, Alexander V"]
[Black "Galin, Ilgam"]
[Result "1-0"]
[WhiteElo "2413"]
[BlackElo "2292"]
[PlyCount "40"]
[EventDate "2008.12.15"]
[EventType "tourn"]
[EventRounds "11"]
[EventCountry "RUS"]
[EventCategory "3"]
[SourceTitle "EXT 2010"]
[Source "ChessBase"]
[SourceDate "2010.11.25"]
[SourceVersion "1"]
[SourceVersionDate "2010.11.25"]
[SourceQuality "1"]

1. Nf3 Nf6 2. d4 d5 3. c4 dxc4 4. e3 e6 5. Bxc4 a6 6. 0-0 c5 7. Qe2 b5 8. Bb3 Bb7 9. a4 b4 10. Rd1 Qc7 11. Nbd2 Be7 12. e4 cxd4 13. e5 Nd5 14. Nc4 Nc6 15. Bg5 0-0 16. Qe4 g6 17. Rac1 Kg7 18. Nd6 Rad8 19. Bxd5 exd5 20. Qh4 Bxg5 1-0

[Event "Ufa Siamidi Memorial op"]
[Site "Ufa"]
[Date "2008.09.17"]
[Round "6"]
[White "Nozdrin, Alexander V"]
[Black "Galin, Ilgam"]
[Result "1-0"]
[WhiteElo "2384"]
[BlackElo "2294"]
[PlyCount "54"]
[EventDate "2008.09.12"]
[EventType "swiss"]
[EventRounds "9"]
[EventCountry "RUS"]
[SourceTitle "EXT 2022"]
[Source "ChessBase"]
[SourceDate "2021.10.06"]
[SourceVersion "1"]
[SourceVersionDate "2021.10.06"]
[SourceQuality "1"]

1. d4 d5 2. Nf3 Nf6 3. c4 c6 4. Nc3 g6 5. cxd5 cxd5 6. Bf4 Nc6 7. h3 Bg7 8. e3 Ne4 9. Nxe4 dxe4 10. Nd2 f5 11. Qb3 Na5 12. Bb5+ Kf8 13. Qa3 a6 14. Be2 Be6 15. Rc1 Nc6 16. 0-0 h6 17. Rfd1 Bd5 18. Bc4 Bf6 19. Qc5 Bf7 20. Bxf7 Kxf7 21. Nc4 a5 22. a3 a4 23. d5 Na5 24. Bc7 Nb3 25. Qb6 Qd7 26. Rc2 Ra6 27. Qxb7 h5 1-0

[Event "Sterlitamak op"]
[Site "Sterlitamak"]
[Date "2008.07.01"]
[Round "6"]
[White "Fakhretdinova, Margarita"]
[Black "Galin, Ilgam"]
[Result "1/2-1/2"]
[WhiteElo "2141"]
[BlackElo "2294"]
[PlyCount "76"]
[EventDate "2008.06.26"]
[EventType "swiss"]
[EventRounds "9"]
[EventCountry "RUS"]
[SourceTitle "EXT 2009"]
[Source "ChessBase"]
[SourceDate "2008.11.26"]
[SourceVersion "1"]
[SourceVersionDate "2008.11.26"]
[SourceQuality "1"]

1. e4 c6 2. d4 d5 3. Nc3 dxe4 4. Nxe4 Nf6 5. Nxf6+ exf6 6. Qd3 Bd6 7. Nf3 0-0 8. Be2 Qc7 9. 0-0 Nd7 10. Be3 Rd8 11. h3 Nf8 12. Rfd1 Ng6 13. Bf1 h6 14. c4 b6 15. Bd2 a5 16. Qc2 c5 17. Be3 cxd4 18. Nxd4 Bd7 19. b3 Rac8 20. a3 Ne5 21. Rdc1 Qb7 22. Qb2 Bb8 23. f4 Qe4 24. Qf2 Ng6 25. g3 Re8 26. Re1 Bd6 27. Rad1 Bc5 28. b4 axb4 29. axb4 Bxb4 30. Bd2 Qxd4 31. Qxd4 Bc5 32. Rxe8+ Rxe8 33. Bb4 Bxd4+ 34. Rxd4 Be6 35. Rd6 Rb8 36. Rc6 Nf8 37. Bd6 Rb7 38. Bg2 Nd7 1/2-1/2

[Event "Sterlitamak op"]
[Site "Sterlitamak"]
[Date "2008.06.28"]
[Round "3"]
[White "Galin, Ilgam"]
[Black "Mullagaliev, Nafis"]
[Result "1-0"]
[WhiteElo "2294"]
[BlackElo "2141"]
[PlyCount "91"]
[EventDate "2008.06.26"]
[EventType "swiss"]
[EventRounds "9"]
[EventCountry "RUS"]
[SourceTitle "EXT 2009"]
[Source "ChessBase"]
[SourceDate "2008.11.26"]
[SourceVersion "1"]
[SourceVersionDate "2008.11.26"]
[SourceQuality "1"]

1. c4 c6 2. Nc3 d5 3. d4 e6 4. cxd5 exd5 5. Qc2 Bg4 6. Bf4 Nf6 7. e3 Nbd7 8. h3 Bh5 9. Bd3 Be7 10. Nf3 Nb6 11. Ne5 Bd6 12. Bg5 Bg6 13. Nxg6 hxg6 14. 0-0-0 Be7 15. Rhe1 Nh7 16. Bxe7 Qxe7 17. e4 Qg5+ 18. Kb1 0-0-0 19. exd5 Nxd5 20. Nxd5 Qxd5 21. Be4 Qd6 22. d5 c5 23. b4 b6 24. bxc5 bxc5 25. Rc1 Rhe8 26. Qxc5+ Qxc5 27. Rxc5+ Kd7 28. Re3 Ng5 29. Bc2 Kd6 30. Ra5 Rxe3 31. fxe3 Re8 32. Rxa7 Rxe3 33. h4 Ne4 34. Rxf7 Nd2+ 35. Kc1 Nc4 36. Bb3 Ne5 37. Rxg7 Rg3 38. h5 Rxg2 39. h6 Rh2 40. h7 Kc5 41. Kd1 Kd4 42. d6 Nd3 43. Bc2 Nf4 44. d7 Kc3 45. Be4 Rxa2 46. Ke1 1-0

[Event "Ufa Kopylov Memorial"]
[Site "Ufa"]
[Date "2007.12.15"]
[Round "11"]
[White "Galin, Ilgam"]
[Black "Vlasov, Andrey"]
[Result "1/2-1/2"]
[WhiteElo "2348"]
[BlackElo "2302"]
[PlyCount "22"]
[EventDate "2007.12.05"]
[EventType "tourn"]
[EventRounds "11"]
[EventCountry "RUS"]
[EventCategory "3"]
[SourceTitle "CBM 122 Extra"]
[Source "ChessBase"]
[SourceDate "2008.03.04"]
[SourceVersion "1"]
[SourceVersionDate "2008.03.04"]
[SourceQuality "1"]

1. c4 c6 2. Nc3 d5 3. d4 Nf6 4. cxd5 cxd5 5. Nf3 Nc6 6. Bf4 a6 7. e3 e6 8. Be2 Bd6 9. Bxd6 Qxd6 10. 0-0 0-0 11. Rc1 b5 1/2-1/2

[Event "Ufa Kopylov Memorial"]
[Site "Ufa"]
[Date "2007.12.13"]
[Round "9"]
[White "Galin, Ilgam"]
[Black "Imashev, Ildar"]
[Result "0-1"]
[WhiteElo "2348"]
[BlackElo "2290"]
[PlyCount "67"]
[EventDate "2007.12.05"]
[EventType "tourn"]
[EventRounds "11"]
[EventCountry "RUS"]
[EventCategory "3"]
[SourceTitle "CBM 122 Extra"]
[Source "ChessBase"]
[SourceDate "2008.03.04"]
[SourceVersion "1"]
[SourceVersionDate "2008.03.04"]
[SourceQuality "1"]

1. c4 f5 2. Nc3 Nf6 3. d4 g6 4. Bg5 Bg7 5. e3 c5 6. d5 d6 7. h3 Nbd7 8. Qd2 a6 9. Nf3 Ne4 10. Nxe4 fxe4 11. Ng1 Ne5 12. f4 exf3 13. gxf3 0-0 14. f4 Nd7 15. Bd3 Nf6 16. Ne2 b5 17. Ng3 bxc4 18. Bxc4 Rb8 19. Rb1 Rb4 20. b3 a5 21. e4 Nd7 22. a3 Rb8 23. 0-0 Nb6 24. f5 gxf5 25. Nh5 Rf7 26. Kh1 Nxc4 27. bxc4 Rxb1 28. Rxb1 fxe4 29. Nxg7 Rxg7 30. Bh6 Rg3 31. Rf1 e3 32. Bxe3 Qd7 33. Rg1 Qxh3+ 34. Qh2 0-1

[Event "Ufa Kopylov Memorial"]
[Site "Ufa"]
[Date "2007.12.12"]
[Round "8"]
[White "Nozdrin, Alexander V"]
[Black "Galin, Ilgam"]
[Result "1-0"]
[WhiteElo "2324"]
[BlackElo "2348"]
[PlyCount "89"]
[EventDate "2007.12.05"]
[EventType "tourn"]
[EventRounds "11"]
[EventCountry "RUS"]
[EventCategory "3"]
[SourceTitle "CBM 122 Extra"]
[Source "ChessBase"]
[SourceDate "2008.03.04"]
[SourceVersion "1"]
[SourceVersionDate "2008.03.04"]
[SourceQuality "1"]

1. d4 d5 2. c4 dxc4 3. Nf3 Nf6 4. e3 e6 5. Bxc4 a6 6. 0-0 b5 7. Bb3 Bb7 8. a4 b4 9. a5 Be7 10. Ba4+ Nfd7 11. Qd3 0-0 12. Bc2 g6 13. e4 c5 14. Bh6 Re8 15. Rd1 Nf6 16. Nbd2 cxd4 17. e5 Nfd7 18. Qxd4 Nc6 19. Qf4 Qc7 20. Ne4 Red8 21. Nd6 Ndxe5 22. Nxb7 Nxf3+ 23. Qxf3 Nd4 24. Rxd4 Rxd4 25. Nd6 Rf8 26. Bxf8 Bxf8 27. Nb5 axb5 28. a6 Qa7 29. Bd3 Bc5 30. Qe2 Rf4 31. Kh1 Rxf2 32. Qe5 Rd2 33. Bxb5 Qa8 34. Bf1 Ba7 35. Qc7 Rxb2 36. Rd1 Rf2 37. h4 Bd4 38. Rxd4 Rxf1+ 39. Kh2 Qxa6 40. Qb8+ Kg7 41. Qe5+ f6 42. Rd7+ Kh6 43. Qe3+ Kh5 44. Rxh7+ Kg4 45. Qe4+ 1-0

[Event "Ufa Kopylov Memorial"]
[Site "Ufa"]
[Date "2007.12.06"]
[Round "2"]
[White "Galin, Ilgam"]
[Black "Glidzhain, Gor Mikhailovich"]
[Result "1/2-1/2"]
[WhiteElo "2348"]
[BlackElo "2194"]
[PlyCount "132"]
[EventDate "2007.12.05"]
[EventType "tourn"]
[EventRounds "11"]
[EventCountry "RUS"]
[EventCategory "3"]
[SourceTitle "CBM 122 Extra"]
[Source "ChessBase"]
[SourceDate "2008.03.04"]
[SourceVersion "1"]
[SourceVersionDate "2008.03.04"]
[SourceQuality "1"]

1. c4 e5 2. Nc3 Nc6 3. g3 g6 4. Bg2 Bg7 5. e4 d6 6. Nge2 h5 7. h3 h4 8. g4 Nf6 9. d3 Nd7 10. f4 Nc5 11. a3 exf4 12. Nxf4 Nd4 13. Be3 0-0 14. 0-0 a5 15. Rb1 c6 16. Nce2 Nce6 17. Nxe6 Nxe2+ 18. Qxe2 Bxe6 19. Qf2 d5 20. cxd5 cxd5 21. Bb6 Qd7 22. Bc5 Rfc8 23. Be3 dxe4 24. dxe4 Bb3 25. Rbc1 Qd3 26. Bb6 a4 27. Kh1 Qg3 28. Qd2 Be5 29. Bg1 Rd8 30. Qb4 Rd3 31. Rf2 Rad8 32. Rcf1 Bb8 33. Qxb7 Rd2 34. Qb6 Bc7 35. Qf6 Rxf2 36. Qxf2 Qxf2 37. Bxf2 Be5 38. Bxh4 Rd2 39. Be7 Bxb2 40. h4 Be6 41. g5 Bc4 42. Re1 Rd7 43. Rb1 Be5 44. Bf6 Ba2 45. Re1 Bxf6 46. gxf6 Rd3 47. Ra1 Bb3 48. Kh2 Re3 49. Rc1 Be6 50. Ra1 Kh7 51. Kg1 Kh6 52. Kf2 Rd3 53. Bf1 Rb3 54. Be2 Rc3 55. Bb5 Bb3 56. Re1 Kh5 57. e5 Be6 58. Re4 Rxa3 59. Bxa4 Ra2+ 60. Kg3 Ra3+ 61. Kf2 Ra2+ 62. Ke3 Ra3+ 63. Kd2 g5 64. hxg5 Kxg5 65. Bc2 Bf5 66. Rc4 Bxc2 1/2-1/2

[Event "Ufa op"]
[Site "Ufa"]
[Date "2006.??.??"]
[Round "7"]
[White "Galin, Ilgam"]
[Black "Darmin, Dmitry"]
[Result "0-1"]
[WhiteElo "2340"]
[BlackElo "2260"]
[PlyCount "98"]
[EventDate "2006.??.??"]
[EventType "swiss"]
[EventRounds "11"]
[EventCountry "RUS"]
[SourceTitle "EXT 2008"]
[Source "ChessBase"]
[SourceDate "2007.11.25"]
[SourceVersion "1"]
[SourceVersionDate "2007.11.25"]
[SourceQuality "1"]

1. c4 e6 2. Nc3 d5 3. cxd5 exd5 4. d4 c6 5. Nf3 Bd6 6. Bg5 Ne7 7. e3 Bf5 8. Bd3 Bxd3 9. Qxd3 Qd7 10. 0-0 0-0 11. Bxe7 Bxe7 12. Rab1 a5 13. Na4 Qc7 14. Rfc1 Nd7 15. h3 Bd6 16. Rc2 Nf6 17. Nc3 Qe7 18. Nd2 Rae8 19. a3 Ra8 20. f3 Nh5 21. Ne2 f5 22. f4 Rfe8 23. Rc3 g6 24. Nf3 Nf6 25. Ne5 Ne4 26. Rc2 a4 27. Nc3 Bxe5 28. fxe5 Rf8 29. Rf1 Qh4 30. Rcc1 Ng5 31. Ne2 Ra6 32. Rf4 Qh6 33. Rcf1 Rb6 34. Qc2 Ra8 35. Nc3 Rb3 36. Qd2 Rb6 37. Kh2 Ne6 38. R4f3 Rba6 39. Qf2 Rf8 40. g4 Ng5 41. Rg3 Raa8 42. gxf5 Rxf5 43. Qg2 Raf8 44. Rxf5 Rxf5 45. Nxa4 Qf8 46. Rxg5 Rf2 47. Kg3 Rxg2+ 48. Kxg2 Kf7 49. Rg3 Ke7 0-1

[Event "Ufa op"]
[Site "Ufa"]
[Date "2006.??.??"]
[Round "10"]
[White "Galin, Ilgam"]
[Black "Kalegin, Evgenij"]
[Result "1-0"]
[WhiteElo "2340"]
[BlackElo "2440"]
[PlyCount "87"]
[EventDate "2006.??.??"]
[EventType "swiss"]
[EventRounds "11"]
[EventCountry "RUS"]
[SourceTitle "EXT 2008"]
[Source "ChessBase"]
[SourceDate "2007.11.25"]
[SourceVersion "1"]
[SourceVersionDate "2007.11.25"]
[SourceQuality "1"]

1. c4 e5 2. Nc3 d6 3. d4 Nd7 4. Nf3 Ngf6 5. g3 g6 6. Bg2 Bg7 7. 0-0 0-0 8. e4 h6 9. h3 Nh7 10. Be3 Ng5 11. Nxg5 hxg5 12. Qd2 exd4 13. Bxd4 Ne5 14. b3 c5 15. Be3 g4 16. hxg4 Nxg4 17. Rac1 Nxe3 18. Qxe3 a6 19. Nd5 Be6 20. Nf4 Bd4 21. Qd3 Qe7 22. Ne2 Bg7 23. Rcd1 Rfd8 24. Nf4 Be5 25. Nd5 Bxd5 26. Qxd5 Rab8 27. Rfe1 Bd4 28. Rd3 Qe5 29. Bf1 Qf6 30. Re2 Re8 31. e5 dxe5 32. Rf3 Qe7 33. g4 Kg7 34. Bg2 Rh8 35. Rg3 Qg5 36. Kf1 Rhd8 37. Qe4 Rd6 38. Rc2 b5 39. Rf3 Rbb6 40. Rh3 bxc4 41. Rxc4 Rf6 42. Rc2 Rf4 43. Qa8 Rxf2+ 44. Ke1 1-0